[Event "DEM U10 2019"]
[Site "Willingen GER"]
[Date "2019.06.14"]
[Round "9"]
[White "Grabs, Peter"]
[Black "Torosyan, Bagrat"]
[Result "0-1"]
[Termination "normal"]
[Board "2"]
[WhiteTitle "CM"]
[WhiteElo "1575"]
[BlackElo "1444"]
[WhiteClock "00:02:01"]
[BlackClock "00:20:30"]
[PlyCount "114"]
[WhiteFideId "16203887"]
[BlackFideId "16258134"]
[EventCountry "GER"]
[EventRounds "11"]
[EventType "swiss"]
[EventDate "2019.06.08"]

1. e4 {[%clk 1:15:55]} 1... c5 {[%clk 1:15:54]} 2. Nf3 {[%clk 1:16:21]} 2...
Nc6 {[%clk 1:16:17]} 3. Bb5 {[%clk 1:16:48]} 3... e5 {[%clk 1:16:42]} 4. O-O {
[%clk 1:16:18]} 4... Nge7 {[%clk 1:17:01]} 5. Re1 {[%clk 1:11:06]} 5... g6 {
[%clk 1:17:21]} 6. c3 {[%clk 1:04:59]} 6... Bg7 {[%clk 1:17:36]} 7. Na3 { [%clk
1:00:48]} 7... O-O {[%clk 1:17:21]} 8. Nc2 {[%clk 0:57:41]} 8... d5 { [%clk
1:17:26]} 9. exd5 {[%clk 0:57:33]} 9... Qxd5 {[%clk 1:17:41]} 10. Ne3 { [%clk
0:56:05]} 10... Qd8 {[%clk 1:15:47]} 11. b3 {[%clk 0:42:16]} 11... Be6 { [%clk
1:15:42]} 12. Bb2 {[%clk 0:35:50]} 12... a6 {[%clk 1:08:47]} 13. Bxc6 { [%clk
0:33:45]} 13... Nxc6 14. h3 {[%clk 0:31:01]} 14... e4 {[%clk 1:08:53]} 15. Nh2
{[%clk 0:26:32]} 15... Qd3 {[%clk 1:07:38]} 16. Qc2 {[%clk 0:24:48]} 16... Ne5
{[%clk 1:01:40]} 17. Ba3 {[%clk 0:21:45]} 17... Rfd8 {[%clk 0:55:46]} 18. Rad1
{[%clk 0:21:02]} 18... f5 {[%clk 0:54:14]} 19. Qxd3 {[%clk 0:18:51]} 19... Nxd3
{[%clk 0:54:34]} 20. Re2 {[%clk 0:18:51]} 20... b5 {[%clk 0:52:52]} 21. Bc1
{[%clk 0:16:16]} 21... c4 {[%clk 0:51:42]} 22. b4 {[%clk 0:16:30]} 22... a5
{[%clk 0:51:53]} 23. bxa5 {[%clk 0:15:19]} 23... Rxa5 {[%clk 0:51:55]} 24. a3
{[%clk 0:15:26]} 24... f4 {[%clk 0:33:26]} 25. Nc2 {[%clk 0:15:36]} 25... Bf5
{[%clk 0:18:01]} 26. Nf1 {[%clk 0:09:22]} 26... g5 {[%clk 0:16:25]} 27. Nh2
{[%clk 0:05:02]} 27... h5 {[%clk 0:16:43]} 28. f3 {[%clk 0:03:50]} 28... Re8
{[%clk 0:06:10]} 29. fxe4 {[%clk 0:03:34]} 29... Rxe4 {[%clk 0:06:02] } 30.
Rxe4 {[%clk 0:03:40]} 30... Bxe4 {[%clk 0:06:25]} 31. Nf3 {[%clk 0:03:50] }
31... Bxf3 {[%clk 0:06:20]} 32. gxf3 {[%clk 0:04:13]} 32... Bf8 { [%clk
0:06:20]} 33. Nd4 {[%clk 0:03:53]} 33... Bc5 {[%clk 0:06:22]} 34. Kg2 { [%clk
0:03:02]} 34... Bxd4 {[%clk 0:06:36]} 35. cxd4 {[%clk 0:03:26]} 35... Kf7
{[%clk 0:06:31]} 36. Kf1 {[%clk 0:03:18]} 36... Ke6 {[%clk 0:06:25]} 37. Ke2 {
[%clk 0:03:26]} 37... Kf5 {[%clk 0:06:32]} 38. Rg1 {[%clk 0:03:10]} 38... Ra6 {
[%clk 0:06:49]} 39. Kd1 {[%clk 0:01:19]} 39... Rg6 {[%clk 0:05:40]} 40. Kc2 {
[%clk 0:00:36]} 40... g4 {[%clk 0:06:01]} 41. hxg4+ {[%clk 0:14:43]} 41... hxg4
{[%clk 0:21:22]} 42. fxg4+ {[%clk 0:15:09]} 42... Rxg4 {[%clk 0:21:40]} 43. Rf1
{[%clk 0:12:53]} 43... Ke4 {[%clk 0:21:39]} 44. a4 {[%clk 0:10:45]} 44... b4 {
[%clk 0:21:38]} 45. a5 {[%clk 0:09:00]} 45... Rg5 {[%clk 0:21:52]} 46. Rh1 {
[%clk 0:03:15]} 46... Rxa5 {[%clk 0:22:15]} 47. d5 {[%clk 0:03:23]} 47... Rxd5
{[%clk 0:22:01]} 48. Rh4 {[%clk 0:03:26]} 48... Ra5 {[%clk 0:21:45]} 49. Kb1 {
[%clk 0:03:27]} 49... Rg5 {[%clk 0:20:08]} 50. Rh1 {[%clk 0:03:32]} 50... Kf3 {
[%clk 0:20:08]} 51. Kc2 {[%clk 0:03:27]} 51... Ra5 {[%clk 0:19:51]} 52. Rh3+ {
[%clk 0:03:11]} 52... Kg2 {[%clk 0:20:09]} 53. Rh7 {[%clk 0:01:27]} 53... f3 {
[%clk 0:20:30]} 54. Kd1 {[%clk 0:01:37]} 54... Ra1 {[%clk 0:20:33]} 55. Rg7+ {
[%clk 0:01:28]} 55... Kf2 {[%clk 0:20:14]} 56. Rg2+ {[%clk 0:01:37]} 56... Kxg2
{[%clk 0:20:30]} 57. Kc2 {[%clk 0:02:01]} 57... Rxc1# 0-1

[Event "DEM U10 2019"]
[Site "Willingen GER"]
[Date "2019.06.14"]
[Round "9"]
[White "Besou, Hussain"]
[Black "Sommer, Justus"]
[Result "1-0"]
[Termination "normal"]
[Board "3"]
[WhiteElo "1789"]
[BlackElo "1684"]
[WhiteClock "00:47:48"]
[BlackClock "00:37:38"]
[PlyCount "113"]
[WhiteFideId "16269950"]
[BlackFideId "16245008"]
[EventCountry "GER"]
[EventRounds "11"]
[EventType "swiss"]
[EventDate "2019.06.08"]

1. c4 {[%clk 1:15:57]} 1... e5 {[%clk 1:15:25]} 2. Nc3 {[%clk 1:16:17]} 2...
Nc6 {[%clk 1:15:46]} 3. g3 {[%clk 1:16:29]} 3... Nf6 {[%clk 1:15:54]} 4. Bg2 {
[%clk 1:16:47]} 4... Bc5 {[%clk 1:16:09]} 5. Nf3 {[%clk 1:16:24]} 5... d6 {
[%clk 1:16:21]} 6. O-O {[%clk 1:16:22]} 6... O-O {[%clk 1:16:00]} 7. d3 { [%clk
1:15:37]} 7... Be6 {[%clk 1:15:26]} 8. Ng5 {[%clk 1:13:05]} 8... Bg4 { [%clk
1:12:18]} 9. h3 {[%clk 1:11:43]} 9... Bh5 {[%clk 1:11:26]} 10. a3 { [%clk
1:10:58]} 10... a5 {[%clk 1:11:44]} 11. Rb1 {[%clk 1:10:13]} 11... h6 { [%clk
1:10:33]} 12. Nge4 {[%clk 1:09:41]} 12... Nxe4 13. Nxe4 {[%clk 1:09:46]} 13...
Bb6 {[%clk 1:09:55]} 14. b4 {[%clk 1:09:11]} 14... Nd4 {[%clk 1:07:38]} 15. g4
{[%clk 1:09:24]} 15... Bg6 {[%clk 1:07:47]} 16. c5 {[%clk 1:09:21]} 16... Bxe4
{[%clk 1:07:03]} 17. Bxe4 {[%clk 1:09:37]} 17... dxc5 { [%clk 1:06:21]} 18.
bxc5 {[%clk 1:09:55]} 18... Bxc5 {[%clk 1:06:31]} 19. e3 { [%clk 1:10:10]}
19... Ne6 {[%clk 1:06:19]} 20. Rxb7 {[%clk 1:10:25]} 20... Bb6 {[%clk 1:06:06]}
21. Rxb6 {[%clk 1:10:07]} 21... cxb6 {[%clk 1:06:28]} 22. Bxa8 {[%clk 1:10:33]}
22... Qxa8 {[%clk 1:06:52]} 23. Bb2 {[%clk 1:09:26]} 23... Qd5 {[%clk 1:05:58]}
24. Qe2 {[%clk 1:02:21]} 24... Rd8 {[%clk 1:04:31]} 25. Rd1 { [%clk 0:55:52]}
25... e4 {[%clk 1:00:05]} 26. d4 {[%clk 0:52:57]} 26... Ng5 { [%clk 0:59:12]}
27. Kg2 {[%clk 0:52:27]} 27... Nf3 {[%clk 0:58:29]} 28. Rh1 { [%clk 0:51:48]}
28... f5 {[%clk 0:57:19]} 29. Rc1 {[%clk 0:51:21]} 29... fxg4 { [%clk 0:55:45]}
30. Qc4 {[%clk 0:51:28]} 30... gxh3+ {[%clk 0:56:04]} 31. Kxh3 {[%clk 0:51:40]}
31... Kh7 {[%clk 0:55:17]} 32. Qxd5 {[%clk 0:52:03]} 32... Rxd5 {[%clk
0:55:39]} 33. Kg4 {[%clk 0:51:18]} 33... Ng5 {[%clk 0:53:11]} 34. Rc6 {[%clk
0:50:33]} 34... Rb5 {[%clk 0:52:55]} 35. Bc1 {[%clk 0:49:47]} 35... Nf7 {[%clk
0:48:32]} 36. Kf4 {[%clk 0:49:45]} 36... h5 {[%clk 0:43:19]} 37. Kxe4 {[%clk
0:49:13]} 37... h4 {[%clk 0:43:24]} 38. Kf3 {[%clk 0:49:39]} 38... Rg5 {[%clk
0:43:37]} 39. e4 {[%clk 0:49:22]} 39... Rg1 {[%clk 0:43:56]} 40. Bf4 {[%clk
0:49:12]} 40... h3 {[%clk 0:43:33]} 41. Rc1 {[%clk 0:49:22]} 41... Ng5+ {[%clk
0:43:15]} 42. Bxg5 {[%clk 0:49:44]} 42... Rxg5 {[%clk 0:43:34]} 43. Rh1 {[%clk
0:49:41]} 43... Rb5 {[%clk 0:42:31]} 44. Rxh3+ {[%clk 0:50:05]} 44... Kg6
{[%clk 0:42:54]} 45. Ke2 {[%clk 0:49:36]} 45... Rb2+ {[%clk 0:42:42]} 46. Ke1
{[%clk 0:49:53]} 46... Rb1+ {[%clk 0:43:02]} 47. Kd2 {[%clk 0:49:55]} 47...
Rb2+ {[%clk 0:43:24]} 48. Kc3 {[%clk 0:49:26]} 48... Rxf2 {[%clk 0:43:24]} 49.
Rg3+ {[%clk 0:49:19]} 49... Kf7 {[%clk 0:43:39]} 50. e5 {[%clk 0:47:15]} 50...
b5 {[%clk 0:41:33]} 51. d5 {[%clk 0:47:25]} 51... Rf4 {[%clk 0:40:53]} 52. e6+
{[%clk 0:47:09]} 52... Kf6 {[%clk 0:39:54]} 53. Re3 {[%clk 0:47:31]} 53... Rc4+
{[%clk 0:39:39]} 54. Kb2 {[%clk 0:47:11]} 54... Ke7 {[%clk 0:37:40]} 55. d6+ {
[%clk 0:47:29]} 55... Ke8 {[%clk 0:37:24]} 56. d7+ {[%clk 0:47:23]} 56... Ke7 {
[%clk 0:37:38]} 57. Rd3 {[%clk 0:47:48]} 1-0

[Event "DEM U10 2019"]
[Site "Willingen GER"]
[Date "2019.06.14"]
[Round "9"]
[White "Sauer, Tim"]
[Black "Arora, Abhiraaj"]
[Result "1-0"]
[Termination "normal"]
[Board "4"]
[WhiteElo "1553"]
[BlackElo "1454"]
[WhiteClock "00:05:14"]
[BlackClock "00:28:00"]
[PlyCount "131"]
[WhiteFideId "16265726"]
[BlackFideId "25611054"]
[EventCountry "GER"]
[EventRounds "11"]
[EventType "swiss"]
[EventDate "2019.06.08"]

1. c4 {[%clk 1:15:58]} 1... e5 {[%clk 1:15:54]} 2. Nc3 {[%clk 1:16:24]} 2...
Nf6 {[%clk 1:16:19]} 3. g3 {[%clk 1:16:49]} 3... c6 {[%clk 1:16:46]} 4. Nf3 {
[%clk 1:17:14]} 4... e4 {[%clk 1:17:09]} 5. Nd4 {[%clk 1:17:36]} 5... d5 {
[%clk 1:17:25]} 6. cxd5 {[%clk 1:17:47]} 6... Qb6 {[%clk 1:17:39]} 7. Nb3 {
[%clk 1:17:21]} 7... cxd5 {[%clk 1:17:58]} 8. Bg2 {[%clk 1:17:26]} 8... Nc6 {
[%clk 1:17:09]} 9. O-O {[%clk 1:17:07]} 9... Be6 {[%clk 1:14:54]} 10. d3 {
[%clk 1:14:14]} 10... exd3 {[%clk 1:14:49]} 11. Qxd3 {[%clk 1:11:30]} 11... Rd8
{[%clk 1:12:08]} 12. Bg5 {[%clk 1:08:05]} 12... Be7 {[%clk 1:04:17]} 13. Rac1 {
[%clk 1:07:07]} 13... O-O {[%clk 1:01:18]} 14. Na4 {[%clk 0:55:33]} 14... Qc7 {
[%clk 1:00:11]} 15. Bf4 {[%clk 0:53:08]} 15... Qc8 {[%clk 0:56:24]} 16. Nd4 {
[%clk 0:44:54]} 16... Bh3 {[%clk 0:52:57]} 17. Nc5 {[%clk 0:37:25]} 17... Ne4 {
[%clk 0:49:03]} 18. Nxc6 {[%clk 0:28:04]} 18... Qxc6 {[%clk 0:29:03]} 19. Nxe4
{[%clk 0:03:56]} 19... dxe4 {[%clk 0:29:11]} 20. Qxd8 {[%clk 0:03:46]} 20...
Rxd8 {[%clk 0:28:54]} 21. Rxc6 {[%clk 0:03:59]} 21... Bxg2 {[%clk 0:28:55]} 22.
Kxg2 {[%clk 0:03:43]} 22... bxc6 {[%clk 0:29:18]} 23. Rc1 {[%clk 0:04:04]}
23... c5 {[%clk 0:29:10]} 24. Be3 {[%clk 0:02:47]} 24... Rd5 {[%clk 0:28:57]}
25. Rc4 {[%clk 0:01:31]} 25... f5 {[%clk 0:28:05]} 26. Ra4 {[%clk 0:01:35]}
26... Rd7 {[%clk 0:28:10]} 27. Ra5 {[%clk 0:01:17]} 27... Rc7 {[%clk 0:27:18]}
28. Kf1 {[%clk 0:00:42]} 28... g6 {[%clk 0:26:50]} 29. Ke1 {[%clk 0:01:04]}
29... Rb7 {[%clk 0:26:44]} 30. b3 {[%clk 0:01:03]} 30... Rc7 {[%clk 0:26:21]}
31. Kd1 {[%clk 0:01:05]} 31... Kf7 {[%clk 0:26:32]} 32. Kc2 {[%clk 0:01:23]}
32... Ke6 {[%clk 0:26:40]} 33. Kc3 {[%clk 0:01:27]} 33... Kd5 {[%clk 0:26:38]}
34. b4 {[%clk 0:00:51]} 34... Kc6 {[%clk 0:25:52]} 35. Bxc5 {[%clk 0:01:08]}
35... Kd5 {[%clk 0:25:22]} 36. Rxa7 {[%clk 0:00:54]} 36... Rxc5+ { [%clk
0:23:15]} 37. bxc5 {[%clk 0:01:12]} 37... Bxc5 {[%clk 0:23:38]} 38. Ra5 { [%clk
0:01:21]} 38... Kc6 {[%clk 0:23:50]} 39. e3 {[%clk 0:01:15]} 39... Kb6 { [%clk
0:23:55]} 40. Ra8 {[%clk 0:01:35]} 40... Bd6 {[%clk 0:24:06]} 41. Re8 { [%clk
0:01:37]} 41... Kc7 {[%clk 0:23:49]} 42. Kc2 {[%clk 0:01:38]} 42... Bb4 { [%clk
0:23:33]} 43. Kd1 {[%clk 0:02:01]} 43... Kd7 {[%clk 0:23:30]} 44. Rh8 { [%clk
0:02:22]} 44... Ke6 {[%clk 0:23:21]} 45. Rxh7 {[%clk 0:02:39]} 45... Kf6 {[%clk
0:23:39]} 46. Rb7 {[%clk 0:03:01]} 46... Ba5 {[%clk 0:23:51]} 47. a4 { [%clk
0:00:40]} 47... Kg5 {[%clk 0:23:27]} 48. h3 {[%clk 0:00:36]} 48... Kh5 { [%clk
0:23:36]} 49. Rb5 {[%clk 0:00:57]} 49... Bc3 {[%clk 0:23:46]} 50. a5 { [%clk
0:01:04]} 50... Bxa5 {[%clk 0:23:50]} 51. Rxa5 {[%clk 0:01:19]} 51... Kg5
{[%clk 0:24:14]} 52. Ke2 {[%clk 0:01:28]} 52... Kh5 {[%clk 0:24:33]} 53. g4+ {
[%clk 0:01:52]} 53... Kg5 {[%clk 0:24:32]} 54. gxf5 {[%clk 0:02:11]} 54... gxf5
{[%clk 0:24:52]} 55. h4+ {[%clk 0:02:25]} 55... Kxh4 {[%clk 0:25:17]} 56. Rxf5
{[%clk 0:02:44]} 56... Kg4 {[%clk 0:25:36]} 57. Rf4+ {[%clk 0:03:04]} 57... Kg5
{[%clk 0:25:55]} 58. Rxe4 {[%clk 0:03:22]} 58... Kf5 {[%clk 0:26:05]} 59. Kf3 {
[%clk 0:03:36]} 59... Kf6 {[%clk 0:26:28]} 60. Kf4 {[%clk 0:03:57]} 60... Kg6 {
[%clk 0:26:25]} 61. Re6+ {[%clk 0:04:09]} 61... Kf7 {[%clk 0:26:39]} 62. Kf5 {
[%clk 0:04:28]} 62... Kg7 {[%clk 0:27:03]} 63. Re7+ {[%clk 0:04:49]} 63... Kg8
{[%clk 0:27:15]} 64. Kg6 {[%clk 0:04:55]} 64... Kf8 {[%clk 0:27:39]} 65. Re5 {
[%clk 0:05:14]} 65... Kg8 {[%clk 0:28:00]} 66. Re8# 1-0

[Event "DEM U10 2019"]
[Site "Willingen GER"]
[Date "2019.06.14"]
[Round "9"]
[White "Haubold, Christian Lucas"]
[Black "Ermitsch, Magnus"]
[Result "0-1"]
[Termination "normal"]
[Board "5"]
[WhiteElo "1387"]
[BlackElo "1843"]
[WhiteClock "00:38:17"]
[BlackClock "00:02:28"]
[PlyCount "106"]
[WhiteFideId "16259629"]
[BlackFideId "16234464"]
[EventCountry "GER"]
[EventRounds "11"]
[EventType "swiss"]
[EventDate "2019.06.08"]

1. e4 {[%clk 1:15:58]} 1... c5 {[%clk 1:15:17]} 2. Nf3 {[%clk 1:16:10]} 2... e6
{[%clk 1:15:10]} 3. d4 {[%clk 1:15:37]} 3... cxd4 {[%clk 1:14:57]} 4. Nxd4 {
[%clk 1:15:29]} 4... Nc6 {[%clk 1:14:44]} 5. Nc3 {[%clk 1:13:46]} 5... Qc7 {
[%clk 1:14:14]} 6. Be3 {[%clk 1:13:16]} 6... Nf6 {[%clk 1:14:07]} 7. Bd3 {
[%clk 1:11:53]} 7... a6 {[%clk 1:12:01]} 8. O-O {[%clk 1:11:02]} 8... b5 {
[%clk 1:11:56]} 9. Nxc6 {[%clk 1:09:58]} 9... Qxc6 {[%clk 1:11:05]} 10. f3 {
[%clk 0:56:57]} 10... Bc5 {[%clk 1:11:05]} 11. Qe2 {[%clk 0:56:51]} 11... Bb7 {
[%clk 1:06:58]} 12. Kh1 {[%clk 0:56:06]} 12... Bxe3 {[%clk 0:59:59]} 13. Qxe3 {
[%clk 0:56:18]} 13... d6 {[%clk 0:57:31]} 14. a4 {[%clk 0:51:17]} 14... b4 {
[%clk 0:55:51]} 15. Na2 {[%clk 0:50:08]} 15... Qc5 {[%clk 0:55:48]} 16. Qd2 {
[%clk 0:50:09]} 16... a5 {[%clk 0:54:53]} 17. c3 {[%clk 0:48:05]} 17... bxc3 {
[%clk 0:53:38]} 18. Qxc3 {[%clk 0:48:24]} 18... Qxc3 {[%clk 0:53:07]} 19. Nxc3
{[%clk 0:48:44]} 19... Ke7 {[%clk 0:52:21]} 20. Rfe1 {[%clk 0:45:27]} 20...
Rhd8 {[%clk 0:36:56]} 21. g3 {[%clk 0:42:45]} 21... d5 {[%clk 0:36:18]} 22. e5
{[%clk 0:42:59]} 22... Nd7 {[%clk 0:36:29]} 23. Nb5 {[%clk 0:40:57]} 23... Nc5
{[%clk 0:30:35]} 24. Bc2 {[%clk 0:37:33]} 24... Rab8 {[%clk 0:24:13]} 25. Nd4 {
[%clk 0:31:41]} 25... Rdc8 {[%clk 0:22:52]} 26. Rab1 {[%clk 0:30:32]} 26...
Nxa4 {[%clk 0:15:38]} 27. Bxa4 {[%clk 0:30:17]} 27... Rc4 {[%clk 0:13:37]} 28.
Nxe6 {[%clk 0:29:55]} 28... fxe6 {[%clk 0:12:56]} 29. Bb3 {[%clk 0:30:07]}
29... Rb4 {[%clk 0:12:49]} 30. Bc2 {[%clk 0:30:14]} 30... d4 {[%clk 0:08:47]}
31. Kg2 {[%clk 0:29:15]} 31... Bd5 {[%clk 0:08:52]} 32. b3 {[%clk 0:27:41]}
32... Bxb3 {[%clk 0:07:55]} 33. Bxh7 {[%clk 0:27:48]} 33... Bc4 {[%clk 0:06:26]
} 34. Rec1 {[%clk 0:27:16]} 34... d3 {[%clk 0:05:53]} 35. Ra1 {[%clk 0:24:59]}
35... Rb2+ {[%clk 0:05:04]} 36. Kh3 {[%clk 0:25:06]} 36... d2 {[%clk 0:03:57]}
37. Rxc4 {[%clk 0:23:56]} 37... Rb1 {[%clk 0:03:43]} 38. Rxa5 {[%clk 0:22:55]}
38... d1=Q {[%clk 0:03:35]} 39. Rc7+ {[%clk 0:23:12]} 39... Kf8 {[%clk 0:01:58]
} 40. Raa7 {[%clk 0:21:08]} 40... Qf1+ {[%clk 0:00:50]} 41. Kg4 {[%clk 0:20:53]
} 41... R1b4+ {[%clk 0:03:31]} 42. Be4 {[%clk 0:35:41]} 42... Rxe4+ { [%clk
0:02:16]} 43. fxe4 {[%clk 0:35:53]} 43... Qe2+ {[%clk 0:02:24]} 44. Kh4 { [%clk
0:35:53]} 44... Qxe4+ {[%clk 0:01:50]} 45. Kh3 {[%clk 0:35:50]} 45... Qh7+
{[%clk 0:01:24]} 46. Kg2 {[%clk 0:36:11]} 46... Rb2+ {[%clk 0:01:40]} 47. Kf3
{[%clk 0:36:33]} 47... Qf5+ {[%clk 0:01:51]} 48. Ke3 {[%clk 0:36:52]} 48...
Qxe5+ {[%clk 0:01:31]} 49. Kf3 {[%clk 0:36:55]} 49... Rb3+ {[%clk 0:01:33]} 50.
Kg2 {[%clk 0:37:04]} 50... Qe2+ {[%clk 0:01:27]} 51. Kh3 {[%clk 0:37:28]} 51...
Qh5+ {[%clk 0:01:50]} 52. Kg2 {[%clk 0:37:56]} 52... Rb2+ {[%clk 0:02:06]} 53.
Kf1 {[%clk 0:38:17]} 53... Qd1# {[%clk 0:02:28]} 0-1

[Event "DEM U10 2019"]
[Site "Willingen GER"]
[Date "2019.06.14"]
[Round "9"]
[White "Klaska, Philipp Leon"]
[Black "Chugunov, Ivan"]
[Result "1-0"]
[Termination "normal"]
[Board "9"]
[WhiteElo "1444"]
[BlackElo "1310"]
[WhiteClock "00:05:56"]
[BlackClock "00:54:57"]
[PlyCount "121"]
[WhiteFideId "16238044"]
[BlackFideId "16256808"]
[EventCountry "GER"]
[EventRounds "11"]
[EventType "swiss"]
[EventDate "2019.06.08"]

1. e4 c6 2. d4 d5 3. Nd2 dxe4 4. Nxe4 Nd7 5. c3 Ngf6 6. Nxf6+ Nxf6 7. Bc4 Bf5
8. Qb3 e6 9. Qxb7 Qc8 10. Qxc8+ Rxc8 11. Ne2 c5 12. Bb5+ Kd8 13. O-O cxd4 14.
Nxd4 Be4 15. Rd1 Ke7 16. f3 Bb7 17. Be3 Nd5 18. Bf2 g6 19. Nb3 Bh6 20. Bxa7
Rhd8 21. Bf2 Ne3 22. Bxe3 Bxe3+ 23. Kf1 Bf4 24. h3 Kf6 25. Ke2 Kg5 26. Rxd8
Rxd8 27. Rd1 Rxd1 28. Kxd1 Kh4 29. Ke2 Kg3 30. Kf1 e5 31. Nc5 Ba8 32. Ne4+ Bxe4
33. fxe4 f5 34. Bd3 Bc1 35. exf5 Bxb2 36. fxg6 hxg6 37. Bxg6 Bxc3 38. a4 Ba5
39. Ke2 Bd8 40. Be4 Kf4 41. Kd3 Ba5 42. Bf3 Bd8 43. Kc4 e4 44. Bxe4 Kxe4 45.
Kb5 Kf4 46. a5 Kg3 47. a6 Kxg2 48. a7 Kxh3 49. a8=Q Bh4 50. Qf3+ Bg3 51. Kc4
Kh4 52. Kd5 Bb8 53. Qg2 Bg3 54. Ke4 Kg4 55. Ke3 Kh4 56. Kf3 Kh5 57. Qxg3 Kh6
58. Kf4 Kh7 59. Kf5 Kh8 60. Kf6 Kh7 61. Qg7# 1-0

[Event "DEM U10 2019"]
[Site "Willingen GER"]
[Date "2019.06.14"]
[Round "9"]
[White "Ruddat, Jarne"]
[Black "Freude, Paul"]
[Result "1/2-1/2"]
[Termination "normal"]
[Board "10"]
[WhiteElo "1350"]
[BlackElo "1713"]
[PlyCount "64"]
[WhiteFideId "16254236"]
[BlackFideId "16280717"]
[EventCountry "GER"]
[EventRounds "11"]
[EventType "swiss"]
[EventDate "2019.06.08"]

1. e4 e5 2. Nf3 Nf6 3. Nc3 Nc6 4. d4 exd4 5. Nxd4 Bb4 6. Nxc6 bxc6 7. Bd3 O-O
8. O-O Re8 9. Re1 Bb7 10. a3 Bxc3 11. bxc3 d6 12. Bg5 c5 13. Rb1 Bc6 14. f4 h6
15. Bh4 g5 16. fxg5 Nxe4 17. Bxe4 Rxe4 18. Rxe4 Bxe4 19. Qg4 Bg6 20. gxh6 Qc8
21. Qxc8+ Rxc8 22. Rb7 Bxc2 23. Rxa7 Kh7 24. Bg5 Kg6 25. Bf4 Be4 26. g3 Ra8 27.
Rxc7 Rxa3 28. Bxd6 Rxc3 29. Bxc5 Rc2 30. Bd6 Rxc7 31. Bxc7 Kxh6 32. Bf4+ Kh5
1/2-1/2

[Event "DEM U10 2019"]
[Site "Willingen GER"]
[Date "2019.06.14"]
[Round "9"]
[White "Shkundin, Maximilian"]
[Black "Jahnz, Laurin"]
[Result "0-1"]
[Termination "normal"]
[Board "11"]
[WhiteElo "1224"]
[BlackElo "1497"]
[PlyCount "62"]
[WhiteFideId "16287258"]
[BlackFideId "16261089"]
[EventCountry "GER"]
[EventRounds "11"]
[EventType "swiss"]
[EventDate "2019.06.08"]

1. e4 e5 2. Nf3 Nc6 3. d4 exd4 4. Bc4 Bc5 5. c3 d6 6. cxd4 Bb4+ 7. Nc3 Nf6 8.
Qd3 O-O 9. O-O Re8 10. Bg5 h6 11. Bxf6 Qxf6 12. Nd5 Qd8 13. Bb5 Ba5 14. b4 Bb6
15. Nxb6 axb6 16. Qb1 Bd7 17. Bc4 Bg4 18. Qb3 Rf8 19. d5 Bxf3 20. gxf3 Qg5+ 21.
Kh1 Ne5 22. Rg1 Qf4 23. Rg3 f5 24. Rag1 g5 25. Be2 fxe4 26. fxe4 Qxe4+ 27. R1g2
Qxe2 28. Rxg5+ hxg5 29. Rxg5+ Kf7 30. Qh3 Qd1+ 31. Rg1 Qf3+ 0-1

[Event "DEM U10 2019"]
[Site "Willingen GER"]
[Date "2019.06.14"]
[Round "9"]
[White "Goldmann, David"]
[Black "Malinowsky, Levi"]
[Result "0-1"]
[Termination "normal"]
[Board "13"]
[WhiteElo "1477"]
[BlackElo "1400"]
[PlyCount "118"]
[WhiteFideId "16268920"]
[BlackFideId "16253094"]
[EventCountry "GER"]
[EventRounds "11"]
[EventType "swiss"]
[EventDate "2019.06.08"]

1. e4 e5 2. Nf3 Nc6 3. d4 exd4 4. Nxd4 Nf6 5. Nxc6 bxc6 6. Bd3 d5 7. e5 Ng4 8.
O-O Bc5 9. Qe2 Qe7 10. Bf4 g5 11. Bg3 h5 12. h3 h4 13. Bh2 Nxh2 14. Kxh2 Bd4
15. c3 Bxe5+ 16. Kh1 Bd6 17. Re1 Qxe2 18. Rxe2+ Be6 19. Nd2 Kd7 20. Rae1 Rhe8
21. Nf3 Bf4 22. Nd4 Re7 23. Nf5 Ree8 24. Ng7 Re7 25. Bf5 Rb8 26. b3 c5 27.
Bxe6+ fxe6 28. Nxe6 Rbe8 29. Nxc5+ Kd6 30. Rxe7 Rxe7 31. Nb7+ Kd7 32. Rd1 Re2
33. Nc5+ Kd6 34. Nd3 Rxa2 35. c4 Rd2 36. Rxd2 Bxd2 37. Kg1 dxc4 38. bxc4 a5 39.
Nb2 Kc5 40. Kf1 Kb4 41. Ke2 Bc3 42. Nd1 Kxc4 43. Ne3+ Kb3 44. Kd3 a4 45. Nc2 c5
46. g3 c4+ 47. Ke2 Kxc2 48. gxh4 gxh4 49. f4 a3 50. f5 a2 51. f6 Bxf6 52. Ke3
a1=Q 53. Kf3 Qd4 54. Ke2 Qe4+ 55. Kf2 Kd2 56. Kf1 Qf3+ 57. Kg1 Ke2 58. Kh2 Be5+
59. Kg1 Qf1# 0-1

[Event "DEM U10 2019"]
[Site "Willingen GER"]
[Date "2019.06.14"]
[Round "9"]
[White "Fruth, David"]
[Black "Li, David"]
[Result "0-1"]
[Termination "normal"]
[Board "14"]
[WhiteElo "1423"]
[BlackElo "1418"]
[PlyCount "66"]
[WhiteFideId "16257596"]
[BlackFideId "16287185"]
[EventCountry "GER"]
[EventRounds "11"]
[EventType "swiss"]
[EventDate "2019.06.08"]

1. e4 c6 2. Nf3 d5 3. Nc3 Nf6 4. exd5 cxd5 5. d4 Nc6 6. Ne5 Bd7 7. Be2 e6 8.
O-O Bd6 9. Bg5 Nxe5 10. dxe5 Bxe5 11. Bxf6 Bxf6 12. Nb5 O-O 13. c3 Qb6 14. a4
a6 15. a5 Qc5 16. b4 Qc8 17. Nd4 Qxc3 18. Nf3 Qxb4 19. Rb1 Qxa5 20. Rxb7 Bb5
21. Bxb5 axb5 22. Qb3 Rfb8 23. Rxb8+ Rxb8 24. Rb1 Qb6 25. Qc2 b4 26. Rb3 Bc3
27. Ng5 g6 28. g3 Qd4 29. Nf3 Qc4 30. Kg2 d4 31. Nd2 d3 32. Qxc3 Qxc3 33. Rxc3
bxc3 0-1

[Event "DEM U10 2019"]
[Site "Willingen GER"]
[Date "2019.06.14"]
[Round "9"]
[White "Burkart, Lloyd Shang"]
[Black "Gärtner, Alessandro"]
[Result "1-0"]
[Termination "normal"]
[Board "15"]
[WhiteElo "1411"]
[BlackElo "1233"]
[PlyCount "135"]
[WhiteFideId "16239059"]
[BlackFideId "16268024"]
[EventCountry "GER"]
[EventRounds "11"]
[EventType "swiss"]
[EventDate "2019.06.08"]

1. d4 d5 2. c4 e6 3. Nc3 Be7 4. cxd5 exd5 5. Nf3 Nf6 6. Bg5 O-O 7. h3 c6 8. e3
h6 9. Bf4 Bf5 10. Bd3 Bxd3 11. Qxd3 Bd6 12. Bxd6 Qxd6 13. O-O Re8 14. Ne5 Nbd7
15. Nxd7 Qxd7 16. Rab1 Ne4 17. b4 Nxc3 18. Qxc3 a6 19. a4 b5 20. a5 Qd6 21.
Rfc1 Rec8 22. Qc5 Qxc5 23. Rxc5 Rc7 24. Rbc1 Rac8 25. Kf1 g5 26. Ke2 f5 27. Kf3
Kf7 28. g4 Kf6 29. Rh1 Re7 30. Rhc1 Rec7 31. gxf5 Kxf5 32. e4+ Ke6 33. exd5+
Kd6 34. Rxc6+ Rxc6 35. Rxc6+ Rxc6 36. dxc6 Kxc6 37. Ke4 Kd6 38. f3 Ke6 39. d5+
Kd6 40. Kd4 h5 41. Ke4 Kd7 42. Ke5 Ke7 43. d6+ Kd7 44. Kd5 Kd8 45. Kc6 Kc8 46.
Kb6 Kd7 47. Kxa6 Kxd6 48. Kxb5 Ke5 49. a6 Kf4 50. a7 Kxf3 51. a8=Q+ Kg3 52. Qh1
g4 53. hxg4 hxg4 54. Qg1+ Kf3 55. Kc6 g3 56. b5 g2 57. Qxg2+ Kxg2 58. b6 Kf3
59. b7 Ke3 60. b8=Q Kd4 61. Qd8+ Kc4 62. Qd5+ Kb4 63. Qc5+ Ka4 64. Qb6 Ka3 65.
Kc5 Ka2 66. Kc4 Ka1 67. Kc3 Ka2 68. Qb2# 1-0